| 000 | 01563nab a2200241 i 4500 | ||
|---|---|---|---|
| 001 | 768714001 | ||
| 003 | CO-MdFUSB | ||
| 005 | 20260305214122.0 | ||
| 008 | 240611t1961 ck ||||| |||| 00| 0 eng d | ||
| 040 |
_bspa _cCO-MdFUSB _dCO-MdFUSB |
||
| 041 | _aspa | ||
| 100 |
_aLittle, Peter, _eautor |
||
| 245 | 3 |
_aThe meaning of the altar : _bfrom ancient sources _c/ Peter Little |
|
| 520 | _aEl tema de esta disertación es el significado del altar tal y como se desprende de las Sagradas Escrituras y de los primeros escritores cristianos hasta la época de Orígenes. Otros se han extendido mucho sobre el significado del altar. Por ejemplo M. de la Taile en su Mysterium Fidei, escrito en 1921, escribe extensamente sobre la interpretación cristológica del altar. En la Elucidación XIII plantea tres preguntas: ¿Es Cristo el altar de su propio sacrificio? ¿Es el altar de su sacrificio después de la resurrección? ¿Cuál es su relación como altar con otros objetos que llevan el mismo título? (1) Si Cristo es un altar eterno, será también la víctima eterna de ese altar, y en este sentido habrá un sacrificio eterno, celestial. | ||
| 546 | _aTexto en inglés | ||
| 650 | 7 |
_aReligión _9385 |
|
| 650 | 0 |
_aSimbolismo en la Biblia _91140 |
|
| 650 | 7 |
_aFilosofía y religión _9198 |
|
| 650 | 7 |
_aCristología _9239 |
|
| 773 | 0 |
_070111 _982737 _dBogotá, Colombia : _oR2612 _tEcclesiastica Xaveriana _w(CO-MdFUSB)768714001 _gVolumen 11, (1961) páginas: 104 - 220 _qpágina: 104 |
|
| 942 | _cANA | ||
| 945 | _aCatherine Arias Álvarez - Practicante SENA | ||
| 999 |
_c70113 _d70113 |
||